|
|
|
|
| LEADER |
00000nam a2200000 4500 |
| 001 |
vtls012257614 |
| 003 |
SK-MaSNL |
| 005 |
20260302095513.0 |
| 008 |
240607s2023 xo a a 000 0 slo |
| 015 |
|
|
|a SNBA2024/07
|
| 020 |
|
|
|a 9788056712443
|q (brožované)
|
| 040 |
|
|
|a SNK
|b slo
|c SNK
|e rda
|
| 041 |
1 |
|
|a slo
|h fre
|
| 044 |
|
|
|a xo
|c SK
|
| 072 |
|
7 |
|a 373.2/.3
|x Predškolská a primárna výchova a vzdelávanie
|2 konspekt
|
| 072 |
|
7 |
|a 0/9-053.2
|x Literatúra pre deti a mládež (náučná)
|2 konspekt
|
| 080 |
|
|
|a 373.2
|2 2011
|
| 080 |
|
|
|a 379.82/.84
|2 2011
|
| 080 |
|
|
|a (076.1)
|2 2011
|
| 080 |
|
|
|a (084.053.2)
|2 2011
|
| 080 |
|
|
|a (0.053.2)
|2 2011
|
| 130 |
0 |
|
|a Jouons ensemble! (Renard piano)
|l Slovensky
|9 768717
|
| 245 |
1 |
0 |
|a Učím sa hrou
|b spájanie, vyfarbovanie a ďalšie úlohy-
|c preklad a redakcia Martina Gendová
|
| 246 |
3 |
0 |
|a Spájanie, vyfarbovanie a ďalšie úlohy-
|
| 250 |
|
|
|a Prvé slovenské vydanie
|
| 264 |
|
1 |
|a Bratislava
|b Svojtka & Co.
|c 2023
|
| 300 |
|
|
|a 48 listov
|b farebné ilustrácie
|c 17 x 23 cm
|
| 336 |
|
|
|a statický obraz
|b sti
|2 rdacontent
|
| 336 |
|
|
|a text
|b txt
|2 rdacontent
|
| 337 |
|
|
|a bez média
|b n
|2 rdamedia
|
| 338 |
|
|
|a zväzok
|b nc
|2 rdacarrier
|
| 490 |
1 |
|
|a Aktivity pre môj vek
|
| 500 |
|
|
|a Názov z obálky
|
| 500 |
|
|
|a Preložené z francúzštiny
|
| 500 |
|
|
|a Vytlačené naprieč
|
| 521 |
8 |
|
|a Pre deti vo veku 3-4 roky
|
| 650 |
0 |
7 |
|a predškolská výchova
|2 SNKPH
|9 3959
|
| 650 |
0 |
7 |
|a zručnosti a znalosti
|2 SNKPH
|9 74214
|
| 650 |
0 |
7 |
|a Preschool education
|2 SNKPHeng
|9 267868
|
| 650 |
0 |
7 |
|a Ability and knowledge
|2 SNKPHeng
|9 302421
|
| 655 |
|
7 |
|a pracovné zošity
|2 SNKPH
|9 70188
|
| 655 |
|
7 |
|a maľovanky
|2 SNKPH
|9 70662
|
| 655 |
|
7 |
|a publikácie pre deti
|2 SNKPH
|9 70148
|
| 655 |
|
7 |
|a Activity books
|2 SNKPHeng
|9 302885
|
| 655 |
|
7 |
|a Colouring books
|2 SNKPHeng
|9 302494
|
| 655 |
|
7 |
|a Publications for children
|2 SNKPHeng
|9 276792
|
| 700 |
1 |
|
|a Gendová, Martina
|4 trl
|4 red
|9 224445
|
| 830 |
|
0 |
|a Aktivity pre môj vek
|9 372141
|
| 852 |
|
|
|a Slovenská národná knižnica
|
| 919 |
|
|
|a 978-80-567-1244-3
|
| 954 |
|
|
|a odborná, vedecká literatúra cudzojazyčná (svetová)
|2 lita
|
| 954 |
|
|
|a ilustrované knihy, leporelá, komiksy cudzojazyčné (svetové)
|2 lita
|
| 958 |
|
|
|a DB
|
| 968 |
|
|
|b FR
|
| 999 |
|
|
|c 1217213
|d 1219143
|
| 952 |
|
|
|a SNK
|b SNK
|y PREZ
|7 0
|p 17A1550186
|o snkOSD 11041
|i snk2024/9064
|8 0
|0 0
|1 0
|4 0
|d 2024-06-07
|l 0
|r 2026-02-24 23:32:57
|w 2026-02-24
|
| 952 |
|
|
|a SNK
|b SNK
|y PREZ
|7 0
|p 17A1550187
|o snkOSD 11041 D1
|i snk2024/9065
|8 0
|0 0
|1 0
|4 0
|d 2024-06-07
|l 0
|r 2026-02-24 23:32:57
|w 2026-02-24
|